000 00444nam a22001817a 4500
003 OSt
005 20180116183007.0
008 150810b xxu||||| |||| 00| 0 eng d
020 _a9780415535236
040 _c0
082 _a659.1 WHA 2015
100 _aChris Wharton
245 _aAdvertising
_bCritical Approach
_cChris Wharton
260 _aIndia
_bRoutledge
_c2015
300 _a228 p.
_bPB
440 _aAdvertising
942 _2ddc
_cBK
999 _c350119
_d350119